000
00303nam a22001337a 4500
008
170202b xxu||||| |||| 00| 0 eng d
020
_a
9781933107790
041
_a
eng
080
_2
5TH
_a
61
100
_a
3
101
_a
SHM
245
_a
NURSING LEADERSHIP AND MANAGEMENT
_c
KNIPPA, A
942
_2
udc
_c
BK
999
_c
4318
_d
4318